000 00373 a2200169 4500
001 191313
020 _a85-16-01998-5
040 _cMagnum
100 _aStrausz, Rosa Amanda
240 1 0 _aO livro do pode não pode
_lpor
245 1 0 _aO livro do pode não pode
300 _a32
362 0 _a1998
440 1 _aModerna
697 _aLITERATURA INFANTO
942 _cBK
999 _c191313
_d191313